Orsi e Panda - Per Immagine - Statistics

Statistiche generali
  • Questo quiz è stato fatto 23 volte
  • Il punteggio medio è 6 su 12
Statistiche sulle risposte
con Immagini Hint Risposta % Corretto
Orso Bruno
100%
Orso Polare
100%
Panda Gigante
100%
Panda Rosso
84%
Sottospecie Grizzly
79%
Orso Nero
63%
Sottospecie Orso Bruno Marsicano
53%
Orso dagli Occhiali
16%
Estinto Orso Delle Caverne
16%
Orso Labiato
16%
Orso Malese
16%
Sottospecie Kodiak
5%
Nessun quiz corrispondente trovato
Distribuzione punteggi
Percentuale di utenti per punteggio
Percentile per numero di risposta
I tuoi punteggi nel tempo
Non hai fatto questo quiz